000
00289 a2200121 4500
999
_c
322968
_d
322968
001
87895
003
NUST
082
_a
943.086 AND
100
_a
Quercus,Pub
_9
9750
245
_a
The Art of War 1500 BC-AD 1600
_h
English
260
_a
U K
_b
Quercus,Pub
_c
2013
300
_a
432p
942
_a
CAE NUST
_c
BK
_k
943.086 AND
_2
ddc